Traité des sociétés commerciales conprenant un commentaire de la faillite et de la liquidation judiciare des sociétés / (Record no. 26337)

MARC details
000 -LEADER
campo de control de longitud fija 00621nam a2200169 i 4500
001 - NÚMERO DE CONTROL
campo de control 26337
003 - IDENTIFICADOR DE NÚMERO DE CONTROL
campo de control ES-MaACL
007 - CAMPO FIJO DE DESCRIPCIÓN FÍSICA--INFORMACIÓN GENERAL
campo de control de longitud fija t|
008 - DATOS DE LONGITUD FIJA--INFORMACIÓN GENERAL
campo de control de longitud fija 030108m19161910fr ||||1| fre d
100 1# - ENTRADA PRINCIPAL--NOMBRE DE PERSONA
Nombre de persona Arthuys, F.
9 (RLIN) 23463
245 10 - MENCIÓN DEL TÍTULO
Título Traité des sociétés commerciales conprenant un commentaire de la faillite et de la liquidation judiciare des sociétés /
Mención de responsabilidad, etc. par F. Arthuys ; ouvrage suivi d'un formulaire de E. Leconturier.
250 ## - MENCION DE EDICION
Mención de edición 3eme ed.
260 ## - PUBLICACIÓN, DISTRIBUCIÓN, ETC.
Lugar de publicación, distribución, etc. París :
Nombre del editor, distribuidor, etc. [s.n.,
Fecha de publicación, distribución, etc. 1916-17] (
Lugar de fabricación/manufactura Bar-le-Duc :
Fabricante Contant Laguerre)
300 ## - DESCRIPCIÓN FÍSICA
Extensión 2 v. ;
Dimensiones 23 cm.
700 1# - ENTRADA AGREGADA--NOMBRE PERSONAL
Nombre de persona Leconturier, E.
9 (RLIN) 71109
852 ## - LOCALIZACIÓN
Ubicación ES-MaACL
Número de control de estantería B-5624-5625
Holdings
Estatus retirado Estado de pérdida Estado de daño No para préstamo Biblioteca de origen Biblioteca actual Ubicación en estantería Fecha de adquisición Fuente de adquisición Total de préstamos Signatura topográfica completa Código de barras Visto por última vez Precio de reemplazo Tipo de ítem Koha
        Biblioteca del Ateneo de Madrid Biblioteca del Ateneo de Madrid Sala Pardo Bazán 17/01/2008     B-5624-5625 1027179 23/02/2023 23/02/2023 Libro impreso